Normal view
MARC view
Entry Personal Name
001 - CONTROL NUMBER
- control field: 2125
003 - CONTROL NUMBER IDENTIFIER
- control field: BD-RjUL
005 - DATE AND TIME OF LATEST TRANSACTION
- control field: 20220329145021.0
008 - FIXED-LENGTH DATA ELEMENTS
- fixed length control field: 220329|| aca||aabn | a|a d
040 ## - CATALOGING SOURCE
- Original cataloging agency: BD-RjUL
- Transcribing agency: BD-RjUL
100 ## - HEADING--PERSONAL NAME
- Personal name: [Al-Arian, happy ] أدهم، علي
670 ## - SOURCE DATA FOUND
- Source citation: Work cat.: (BD-RjUL)75033: [Shakir, Amin] شاكر، امين 1090, حقيقة الشيوعية /[Ḥaqīqat al-shuyūʻīyah], [١٩٥٥].1955